| 000 | 00836nam a2200217 a 4500 | ||
|---|---|---|---|
| 008 | 180913s2012 ||||||||||||||||| || u | ||
| 020 | _a9781412980449 | ||
| 020 | _a1412980445 (pbk.) | ||
| 050 | _aH 61.27 Vel | ||
| 100 | _aDeVellis, Robert F | ||
| 245 | 1 | 0 |
_aScale development: theory and applications. (3rd ed.) _cRobert F. DeVellis |
| 250 | _a3rd edition | ||
| 260 |
_aLos Angeles: _bSAGE Publications _c2012 |
||
| 300 | _aix, 205 p. : ill. ; 22 cm. | ||
| 350 | _a89.97 | ||
| 490 | _aApplied social research methods series | ||
| 490 | _vv. 26 | ||
| 500 | _aIncludes bibliographical references (p. 193-198) and index. | ||
| 650 | _aSCALING (SOCIAL SCIENCES) | ||
| 995 |
_FCBU-MAIN LIBRARY (Kitwe) _I89.97 _M1 _UAVAILABLE _WSep 13, 2018 _ZMain Library Open Access Collection |
||
| 999 |
_c56989 _d56989 |
||